000 00936cam a2200337 4500500
005 20260329010131.0
041 _afre
042 _adc
100 1 0 _aLarmagnac-Matheron, Octave
_eauthor
245 0 0 _aLa grande famille de l’Anneau
260 _c2022.
500 _a29
690 _aAmitié
690 _aAnneau
690 _acourage
690 _aCuriosité
690 _aDéchéance
690 _aEspoir
690 _aHeroic fantasy
690 _aIdentité
690 _aJustice
690 _aMagie
690 _aPouvoir
690 _aRésistance
690 _aSacrifice
690 _aSeigneur des Anneaux
690 _aTolkien
690 _aTyrannie
786 0 _nPhilosophie magazine - Hors séries | Hors série - Été-Autome 2022 | HS54 | 2022-07-01 | p. 17-18 | 2104-9246
856 4 1 _uhttps://shs.cairn.info/magazine-philosophie-magazine-2022-hs54-page-17?lang=fr&redirect-ssocas=7080
999 _c1849738
_d1849738